00668 2200229 4500001002100000005001700021008004100038020002200079035002500101040001200126082001500138084001700153100002200170245011400192250001100306260002800317300002300345650002300368700001700391850001200408990001800420INLIS00000000001185820150904101059.0  a978-602-191-355-0 a0010-091500000000371 aYOPDYOG 223a297.55 a297.55 Zul S aZULIAN Al-Farizzi aSikap-sikap istri yang dapat memperburuk keharmonisan rumah tanggac/ Zulian Al-Farizzi; Editor, Hakan Syukur aCet. 1 aJogjakartabNajahc2012 a152 hlm.c; 20 cm. aPerkawinan (Islam) aHAKAN Syukur aYOPDYOG a50005-PD/A.15